[Event "Portugal Open 2020"]
[Site "Lisboa POR"]
[Date "2020.02.01"]
[Round "9.23"]
[White "SILVA, Goncalo"]
[Black "GONZALEZ TRIGAL, Jose Luis"]
[Result "0-1"]
[BlackElo "2369"]
[WhiteElo "2133"]
[LiveChessVersion "1.4.8"]

1. e4 {[%clk 1:09:12]} c5 {[%clk 1:30:51]} 2. Nf3 {[%clk 1:08:09]} d6
{[%clk 1:31:11]} 3. Bb5+ {[%clk 1:08:25]} Bd7 {[%clk 1:31:26]} 4. Bxd7+
{[%clk 1:08:50]} Nxd7 {[%clk 1:31:47]} 5. c3 {[%clk 1:09:17]} Ngf6
{[%clk 1:31:07]} 6. Qe2 {[%clk 1:09:42]} Rc8 {[%clk 1:27:09]} 7. d4
{[%clk 1:07:47]} cxd4 {[%clk 1:24:07]} 8. Nxd4 {[%clk 1:08:10]} g6
{[%clk 1:23:22]} 9. O-O {[%clk 1:07:38]} Bg7 {[%clk 1:22:54]} 10. Bg5
{[%clk 1:04:34]} O-O {[%clk 1:19:43]} 11. Nd2 {[%clk 1:03:23]} Qa5
{[%clk 1:15:59]} 12. Bh4 {[%clk 1:01:40]} Rfe8 {[%clk 1:11:38]} 13. a4
{[%clk 1:00:47]} Qh5 {[%clk 1:04:38]} 14. Qxh5 {[%clk 0:56:02]} Nxh5 15. N2b3
{[%clk 0:49:40]} Nf4 {[%clk 0:55:37]} 16. Rfd1 {[%clk 0:45:06]} Ne6
{[%clk 0:53:54]} 17. f3 {[%clk 0:39:42]} Ne5 {[%clk 0:49:24]} 18. Nxe6
{[%clk 0:29:55]} fxe6 {[%clk 0:49:52]} 19. Kf2 {[%clk 0:26:38]} Nc4
{[%clk 0:46:09]} 20. Rab1 {[%clk 0:24:41]} Bh6 {[%clk 0:45:49]} 21. Rd3
{[%clk 0:24:04]} e5 {[%clk 0:44:41]} 22. Ke2 {[%clk 0:23:43]} Rc6
{[%clk 0:43:36]} 23. Na1 {[%clk 0:23:21]} b5 {[%clk 0:33:54]} 24. b3
{[%clk 0:15:03]} Na3 {[%clk 0:34:04]} 25. axb5 {[%clk 0:15:28]} Nxb5
{[%clk 0:27:42]} 26. c4 {[%clk 0:15:57]} Nd4+ {[%clk 0:28:00]} 27. Kd1
{[%clk 0:15:31]} Rb8 {[%clk 0:13:22]} 28. Bxe7 {[%clk 0:11:51]} Kf7
{[%clk 0:13:26]} 29. Bh4 {[%clk 0:12:20]} Rxc4 {[%clk 0:13:18]} 30. Bf2
{[%clk 0:12:45]} Rcb4 {[%clk 0:09:00]} 31. Bxd4 {[%clk 0:09:53]} Rxd4
{[%clk 0:09:29]} 32. Ke2 {[%clk 0:09:24]} Ra4 {[%clk 0:07:42]} 33. bxa4
{[%clk 0:08:43]} Rxb1 {[%clk 0:08:10]} 34. Nc2 {[%clk 0:09:03]} Rb2
{[%clk 0:07:32]} 35. Rc3 {[%clk 0:08:47]} Ke6 {[%clk 0:07:38]} 36. Kd3
{[%clk 0:08:37]} Kd7 {[%clk 0:07:47]} 37. h3 {[%clk 0:07:49]} Rb1
{[%clk 0:07:31]} 38. Ke2 {[%clk 0:07:44]} Rc1 {[%clk 0:05:25]} 39. Rc4
{[%clk 0:07:28]} a6 {[%clk 0:05:29]} 40. Na3 {[%clk 0:06:40]} Rg1
{[%clk 0:05:09]} 41. Kf2 {[%clk 0:06:05]} Ra1 {[%clk 0:05:32]} 42. Nc2
{[%clk 0:05:29]} Rc1 {[%clk 0:06:00]} 43. Ke2 {[%clk 0:05:57]} Bg5
{[%clk 0:04:49]} 44. g3 {[%clk 0:06:01]} h5 {[%clk 0:04:25]} 45. h4
{[%clk 0:06:22]} Bd8 {[%clk 0:03:27]} 46. Ne3 {[%clk 0:06:40]} Rxc4
{[%clk 0:03:08]} 47. Nxc4 {[%clk 0:07:09]} Kc6 {[%clk 0:03:28]} 48. Kd3
{[%clk 0:07:32]} Kc5 {[%clk 0:03:51]} 49. Kc3 {[%clk 0:07:58]} Bc7
{[%clk 0:03:52]} 50. a5 {[%clk 0:06:06]} Bd8 {[%clk 0:02:47]} 51. Kd3
{[%clk 0:06:13]} Bc7 {[%clk 0:03:16]} 52. Kc3 {[%clk 0:06:41]} d5
{[%clk 0:03:07]} 53. exd5 {[%clk 0:06:51]} Kxd5 {[%clk 0:03:36]} 54. Kd3
{[%clk 0:06:38]} Kc5 {[%clk 0:02:31]} 55. g4 {[%clk 0:06:38]} Kd5
{[%clk 0:02:42]} 56. g5 {[%clk 0:06:02]} Bd8 {[%clk 0:02:00]} 57. Ne3+
{[%clk 0:06:09]} Kc5 {[%clk 0:02:01]} 58. Nc4 {[%clk 0:06:35]} Bc7
{[%clk 0:02:14]} 59. Kc3 {[%clk 0:07:04]} Kb5 {[%clk 0:02:13]} 60. Kb3
{[%clk 0:06:37]} Kc5 {[%clk 0:01:14]} 61. Kc3 {[%clk 0:07:06]} e4
{[%clk 0:00:53]} 62. fxe4 {[%clk 0:04:26]} Bg3 {[%clk 0:01:22]} 63. Nb6
{[%clk 0:03:25]} Bxh4 {[%clk 0:00:44]} 64. Nd7+ {[%clk 0:02:42]} Kd6
{[%clk 0:01:13]} 65. Nb8 {[%clk 0:01:45]} Bxg5 {[%clk 0:01:23]} 66. Kd4
{[%clk 0:02:13]} Bf6+ {[%clk 0:01:02]} 67. Ke3 {[%clk 0:02:28]} Bc3
{[%clk 0:01:10]} 68. Nxa6 {[%clk 0:02:48]} Bxa5 {[%clk 0:01:23]} 69. Kf3
{[%clk 0:02:48]} g5 {[%clk 0:01:44]} 70. e5+ {[%clk 0:03:08]} Kxe5
{[%clk 0:01:14]} 71. Nc5 {[%clk 0:03:37]} g4+ {[%clk 0:01:34]} 72. Kg3
{[%clk 0:03:52]} Kf5 {[%clk 0:01:19]} 73. Nd3 {[%clk 0:03:28]} Kg5
{[%clk 0:01:10]} 74. Kg2 {[%clk 0:03:49]} Bc7 {[%clk 0:01:11]} 75. Nc5
{[%clk 0:04:02]} Be5 {[%clk 0:00:48]} 76. Ne4+ {[%clk 0:04:31]} Kf5
{[%clk 0:01:07]} 77. Nf2 {[%clk 0:04:58]} Bd4 {[%clk 0:01:10]} 78. Nh1
{[%clk 0:04:17]} h4 {[%clk 0:01:24]} 79. Kh2 {[%clk 0:04:46]} Kf4
{[%clk 0:01:33]} 80. Kg2 {[%clk 0:05:10]} Bc5 {[%clk 0:01:41]} 81. Kf1
{[%clk 0:05:18]} Ke5 0-1

[Event "Portugal Open 2020"]
[Site "Lisboa POR"]
[Date "2020.02.01"]
[Round "9.26"]
[White "VEIGA, Francisco"]
[Black "MALOBERTI, David"]
[Result "0-1"]
[BlackElo "2017"]
[WhiteElo "2312"]
[LiveChessVersion "1.4.8"]

1. e4 {[%clk 1:20:35]} e6 {[%clk 1:30:55]} 2. d4 {[%clk 1:20:46]} d5
{[%clk 1:31:19]} 3. Nd2 {[%clk 1:21:05]} c5 {[%clk 1:31:43]} 4. exd5
{[%clk 1:21:30]} exd5 {[%clk 1:32:08]} 5. Ngf3 {[%clk 1:21:50]} Nf6
{[%clk 1:32:27]} 6. Bb5+ {[%clk 1:22:01]} Bd7 {[%clk 1:32:51]} 7. Qe2+
{[%clk 1:11:24]} Be7 {[%clk 1:33:16]} 8. Ne5 {[%clk 1:11:12]} O-O
{[%clk 1:27:07]} 9. Nxd7 {[%clk 1:11:12]} Nbxd7 {[%clk 1:27:15]} 10. dxc5
{[%clk 1:11:34]} Bxc5 {[%clk 1:23:08]} 11. O-O {[%clk 1:11:36]} Re8
{[%clk 1:23:35]} 12. Qd1 {[%clk 1:10:17]} a6 {[%clk 1:24:01]} 13. Be2
{[%clk 1:09:59]} Qe7 {[%clk 1:19:42]} 14. Bd3 {[%clk 1:05:30]} Ne4
{[%clk 1:09:56]} 15. Nb3 {[%clk 1:04:20]} Bb6 {[%clk 1:06:27]} 16. c3
{[%clk 0:58:51]} Bxf2+ {[%clk 1:02:53]} 17. Rxf2 {[%clk 0:57:17]} Nxf2
{[%clk 1:03:17]} 18. Kxf2 {[%clk 0:57:43]} Qh4+ {[%clk 1:03:37]} 19. Kf1
{[%clk 0:58:00]} Qxh2 {[%clk 1:03:54]} 20. Bd2 {[%clk 0:57:15]} Re6
{[%clk 1:01:57]} 21. Be2 {[%clk 0:34:53]} Rf6+ {[%clk 0:49:03]} 22. Bf3
{[%clk 0:35:17]} Ne5 {[%clk 0:49:28]} 23. Nd4 {[%clk 0:35:13]} Re8
{[%clk 0:46:58]} 24. Be3 {[%clk 0:27:06]} Nxf3 {[%clk 0:47:09]} 25. Nxf3
{[%clk 0:27:26]} Rxe3 {[%clk 0:47:18]} 26. Qxd5 {[%clk 0:27:45]} Qd6
{[%clk 0:38:14]} 27. Qxb7 {[%clk 0:27:42]} h6 {[%clk 0:38:04]} 28. Kg1
{[%clk 0:22:20]} Rfxf3 {[%clk 0:38:15]} 29. gxf3 {[%clk 0:22:22]} Qg3+
{[%clk 0:38:41]} 30. Kh1 {[%clk 0:22:39]} Rxf3 {[%clk 0:37:03]} 31. Qb8+
{[%clk 0:22:46]} Qxb8 {[%clk 0:37:25]} 0-1

[Event "Portugal Open 2020"]
[Site "Lisboa POR"]
[Date "2020.02.01"]
[Round "9.28"]
[White "GRABUZOVA, Tatiana"]
[Black "CORREIA, Mario Rui"]
[Result "1/2-1/2"]
[BlackElo "2133"]
[WhiteElo "2284"]
[LiveChessVersion "1.4.8"]

1. d4 {[%clk 1:30:58]} Nf6 {[%clk 1:30:54]} 2. c4 {[%clk 1:31:23]} e6
{[%clk 1:31:20]} 3. g3 {[%clk 1:31:32]} d5 {[%clk 1:31:43]} 4. Nf3
{[%clk 1:31:25]} Be7 {[%clk 1:31:36]} 5. Bg2 {[%clk 1:31:47]} O-O
{[%clk 1:31:57]} 6. Nc3 {[%clk 1:31:35]} c6 {[%clk 1:32:19]} 7. O-O
{[%clk 1:30:53]} Nbd7 {[%clk 1:32:31]} 8. Qc2 {[%clk 1:23:25]} b6
{[%clk 1:32:28]} 9. Rd1 {[%clk 1:19:57]} Bb7 {[%clk 1:32:35]} 10. b3
{[%clk 1:17:35]} Rc8 {[%clk 1:30:00]} 11. e4 {[%clk 1:17:33]} dxe4
{[%clk 1:27:41]} 12. Nxe4 {[%clk 1:17:52]} h6 {[%clk 1:28:06]} 13. Bf4
{[%clk 0:58:04]} Nxe4 {[%clk 1:25:27]} 14. Qxe4 {[%clk 0:57:47]} Nf6
{[%clk 1:25:49]} 15. Qc2 {[%clk 0:56:56]} Bd6 {[%clk 1:25:24]} 16. Bxd6
{[%clk 0:54:37]} Qxd6 {[%clk 1:25:44]} 17. c5 {[%clk 0:55:05]} Qc7
{[%clk 1:22:09]} 18. Ne5 {[%clk 0:50:30]} bxc5 {[%clk 1:10:24]} 19. Qxc5
{[%clk 0:50:44]} Qb6 {[%clk 1:10:47]} 20. Qxb6 {[%clk 0:45:55]} axb6
{[%clk 1:11:08]} 21. Nc4 {[%clk 0:45:50]} Nd5 {[%clk 1:05:47]} 22. Bxd5
{[%clk 0:43:57]} cxd5 {[%clk 1:05:03]} 23. Nxb6 {[%clk 0:44:21]} Rc6
{[%clk 1:02:58]} 24. Nd7 {[%clk 0:44:18]} Ra8 {[%clk 1:01:45]} 25. Nc5
{[%clk 0:43:12]} Ba6 {[%clk 1:02:08]} 26. Rd2 {[%clk 0:42:52]} f6
{[%clk 1:00:44]} 27. b4 {[%clk 0:39:28]} Bc4 {[%clk 1:00:47]} 28. a4
{[%clk 0:38:57]} e5 {[%clk 1:00:53]} 29. b5 {[%clk 0:37:31]} Bxb5
{[%clk 1:00:53]} 30. a5 {[%clk 0:32:08]} Bc4 {[%clk 0:58:12]} 31. Nd3
{[%clk 0:31:52]} Rca6 {[%clk 0:57:53]} 32. dxe5 {[%clk 0:30:28]} fxe5
{[%clk 0:58:09]} 33. Nxe5 {[%clk 0:30:38]} Rxa5 {[%clk 0:58:30]} 34. Rxa5
{[%clk 0:28:24]} Rxa5 {[%clk 0:58:52]} 35. Rb2 {[%clk 0:25:06]} Bb5
{[%clk 0:49:20]} 36. Rc2 {[%clk 0:25:13]} Ra1+ {[%clk 0:45:08]} 37. Kg2
{[%clk 0:25:37]} Re1 {[%clk 0:45:01]} 38. f4 {[%clk 0:22:26]} d4 {[%clk 0:44:36]}
39. h4 {[%clk 0:16:26]} Kf8 {[%clk 0:40:48]} 40. Rd2 {[%clk 0:15:30]} Re2+
{[%clk 0:39:41]} 41. Rxe2 {[%clk 0:15:48]} Bxe2 {[%clk 0:40:03]} 42. Kf2
{[%clk 0:16:12]} Bb5 {[%clk 0:40:29]} 43. Kf3 {[%clk 0:15:15]} Ke7
{[%clk 0:37:27]} 44. Ke4 {[%clk 0:15:15]} Kf6 {[%clk 0:35:54]} 45. g4
{[%clk 0:12:47]} Be2 {[%clk 0:33:49]} 46. Kxd4 {[%clk 0:10:10]} Bxg4
{[%clk 0:33:57]} 47. Nxg4+ {[%clk 0:10:30]} Kf5 {[%clk 0:34:21]} 48. Nxh6+
{[%clk 0:06:57]} Kxf4 {[%clk 0:34:44]} 49. Nf7 {[%clk 0:07:15]} 1/2-1/2

[Event "Portugal Open 2020"]
[Site "Lisboa POR"]
[Date "2020.02.01"]
[Round "9.30"]
[White "ATAKAY, Mustafa"]
[Black "CORBALAN GOMEZ, Juan Jose"]
[Result "0-1"]
[BlackElo "2243"]
[WhiteElo "1886"]
[LiveChessVersion "1.4.8"]

1. d4 {[%clk 1:30:59]} Nf6 {[%clk 1:20:36]} 2. c4 {[%clk 1:31:22]} e6
{[%clk 1:20:54]} 3. g3 {[%clk 1:31:48]} c5 {[%clk 1:21:20]} 4. d5
{[%clk 1:32:15]} exd5 {[%clk 1:21:45]} 5. cxd5 {[%clk 1:32:41]} b5
{[%clk 1:22:13]} 6. e4 {[%clk 1:14:45]} Nxe4 {[%clk 1:21:01]} 7. Qe2
{[%clk 1:15:11]} Qe7 {[%clk 1:21:04]} 8. Bg2 {[%clk 1:15:35]} f5 {[%clk 1:07:21]}
9. Be3 {[%clk 1:09:38]} Bb7 {[%clk 1:01:35]} 10. Nc3 {[%clk 1:04:04]} b4
{[%clk 0:49:29]} 11. Nb5 {[%clk 0:59:48]} Kd8 {[%clk 0:40:00]} 12. f3
{[%clk 0:50:49]} Nd6 {[%clk 0:36:57]} 13. Nxd6 {[%clk 0:50:53]} Qxd6
{[%clk 0:37:15]} 14. Bg5+ {[%clk 0:51:16]} Be7 {[%clk 0:37:24]} 15. Bxe7+
{[%clk 0:38:27]} Qxe7 {[%clk 0:37:53]} 16. f4 {[%clk 0:38:42]} Re8
{[%clk 0:37:20]} 17. Qxe7+ {[%clk 0:38:55]} Rxe7+ {[%clk 0:36:09]} 18. Kf2
{[%clk 0:35:50]} d6 {[%clk 0:36:35]} 19. Nf3 {[%clk 0:33:56]} Nd7
{[%clk 0:33:46]} 20. Rhe1 {[%clk 0:27:42]} Nf8 {[%clk 0:33:27]} 21. Ng5
{[%clk 0:26:03]} Rc8 {[%clk 0:18:23]} 22. Bh3 {[%clk 0:25:00]} h6
{[%clk 0:13:39]} 23. Nf3 {[%clk 0:19:07]} g6 {[%clk 0:11:40]} 24. g4
{[%clk 0:19:05]} fxg4 {[%clk 0:11:20]} 25. Bxg4 {[%clk 0:19:30]} Rcc7
{[%clk 0:11:29]} 26. Rad1 {[%clk 0:17:19]} Rxe1 {[%clk 0:10:54]} 27. Nxe1
{[%clk 0:17:31]} Rf7 {[%clk 0:10:18]} 28. Kg3 {[%clk 0:17:37]} a5
{[%clk 0:10:02]} 29. Nc2 {[%clk 0:16:38]} Re7 {[%clk 0:10:06]} 30. h4
{[%clk 0:16:21]} h5 {[%clk 0:10:05]} 31. Bf3 {[%clk 0:16:45]} Bc8
{[%clk 0:08:42]} 32. Kf2 {[%clk 0:16:52]} Rf7 {[%clk 0:07:43]} 33. Kg3
{[%clk 0:17:09]} Rc7 {[%clk 0:08:01]} 34. Ne3 {[%clk 0:15:54]} c4
{[%clk 0:07:51]} 35. f5 {[%clk 0:15:05]} c3 {[%clk 0:07:45]} 36. b3
{[%clk 0:11:40]} a4 {[%clk 0:06:27]} 37. Be4 {[%clk 0:10:04]} gxf5
{[%clk 0:06:24]} 38. Nxf5 {[%clk 0:10:26]} Bxf5 {[%clk 0:06:05]} 39. Bxf5
{[%clk 0:10:52]} axb3 {[%clk 0:05:06]} 40. axb3 {[%clk 0:11:02]} Nd7
{[%clk 0:05:06]} 41. Kf4 {[%clk 0:10:12]} Nc5 {[%clk 0:05:06]} 42. Rd4
{[%clk 0:08:46]} Rf7 {[%clk 0:03:52]} 43. Kg5 {[%clk 0:07:53]} Nxb3
{[%clk 0:03:30]} 44. Rxb4 {[%clk 0:08:03]} Rxf5+ {[%clk 0:03:50]} 45. Kxf5
{[%clk 0:08:08]} c2 {[%clk 0:04:18]} 46. Rc4 {[%clk 0:08:24]} c1=Q
{[%clk 0:04:42]} 47. Rxc1 {[%clk 0:08:50]} Nxc1 {[%clk 0:05:10]} 48. Kg5
{[%clk 0:09:16]} Ke7 {[%clk 0:05:23]} 49. Kxh5 {[%clk 0:09:39]} Kf6
{[%clk 0:05:45]} 50. Kg4 {[%clk 0:09:55]} Ne2 {[%clk 0:06:03]} 51. h5
{[%clk 0:09:03]} Nc3 {[%clk 0:06:25]} 52. h6 {[%clk 0:09:24]} Nxd5
{[%clk 0:06:35]} 53. h7 {[%clk 0:09:49]} Kg7 {[%clk 0:07:00]} 54. Kf5
{[%clk 0:10:14]} Nc7 {[%clk 0:07:23]} 0-1

[Event "Portugal Open 2020"]
[Site "Lisboa POR"]
[Date "2020.02.01"]
[Round "9.32"]
[White "RODRIGUEZ LOPEZ, Rafael"]
[Black "BOTELHO, Luis"]
[Result "1-0"]
[BlackElo "1987"]
[WhiteElo "2212"]
[LiveChessVersion "1.4.8"]

1. e4 {[%clk 1:30:57]} c5 {[%clk 1:21:37]} 2. Nf3 {[%clk 1:31:10]} g6
{[%clk 1:21:10]} 3. d4 {[%clk 1:31:24]} cxd4 {[%clk 1:21:35]} 4. Nxd4
{[%clk 1:31:50]} Nc6 {[%clk 1:21:59]} 5. c4 {[%clk 1:32:12]} Nf6 {[%clk 1:22:23]}
6. Nc3 {[%clk 1:32:36]} d6 {[%clk 1:22:50]} 7. f3 {[%clk 1:32:48]} Nxd4
{[%clk 1:22:43]} 8. Qxd4 {[%clk 1:33:13]} Bg7 {[%clk 1:23:07]} 9. Be3
{[%clk 1:33:38]} O-O {[%clk 1:23:28]} 10. Qd2 {[%clk 1:34:04]} Be6
{[%clk 1:21:28]} 11. Rc1 {[%clk 1:34:26]} Qa5 {[%clk 1:20:33]} 12. Be2
{[%clk 1:34:32]} Rfc8 {[%clk 1:20:54]} 13. b3 {[%clk 1:34:56]} Qb4
{[%clk 1:16:44]} 14. g4 {[%clk 1:31:24]} Nd7 {[%clk 1:16:15]} 15. Nd5
{[%clk 1:31:26]} Qxd2+ {[%clk 1:16:07]} 16. Kxd2 {[%clk 1:31:51]} Kf8
{[%clk 1:15:36]} 17. Rhd1 {[%clk 1:26:04]} a5 {[%clk 1:15:27]} 18. Ke1
{[%clk 1:25:42]} Rc6 {[%clk 1:12:46]} 19. h3 {[%clk 1:25:39]} Nc5
{[%clk 1:12:33]} 20. Rb1 {[%clk 1:23:05]} Na6 {[%clk 1:11:40]} 21. a3
{[%clk 1:21:49]} Bxd5 {[%clk 1:10:12]} 22. exd5 {[%clk 1:21:46]} Rcc8
{[%clk 1:10:28]} 23. Kf1 {[%clk 1:18:17]} Nc5 {[%clk 1:10:35]} 24. Rd2
{[%clk 1:16:24]} a4 {[%clk 1:10:05]} 25. b4 {[%clk 1:16:19]} Nb3 {[%clk 1:10:27]}
26. Rdd1 {[%clk 1:16:23]} Ke8 {[%clk 1:06:14]} 27. Kf2 {[%clk 1:16:36]} Kd7
{[%clk 1:05:00]} 28. Bb6 {[%clk 1:16:24]} Ra6 {[%clk 0:53:13]} 29. c5
{[%clk 1:12:19]} Rxb6 {[%clk 0:53:38]} 30. cxb6 {[%clk 1:12:41]} Rc2
{[%clk 0:54:01]} 31. Kf1 {[%clk 1:10:10]} Nd2+ {[%clk 0:52:12]} 32. Rxd2
{[%clk 1:10:32]} Rxd2 {[%clk 0:52:37]} 33. Bb5+ {[%clk 1:10:55]} Kd8
{[%clk 0:52:51]} 34. Rc1 {[%clk 1:07:05]} Rxd5 {[%clk 0:51:22]} 35. Bxa4
{[%clk 1:03:42]} Bd4 {[%clk 0:33:38]} 36. Rc7 {[%clk 1:02:44]} Bxb6
{[%clk 0:33:44]} 37. Rxb7 {[%clk 1:03:05]} Bc7 {[%clk 0:33:58]} 38. Ra7
{[%clk 1:01:56]} Bb6 {[%clk 0:32:05]} 39. Rd7+ {[%clk 1:01:27]} Kc8
{[%clk 0:32:22]} 40. Rxe7 {[%clk 1:01:47]} Rd3 {[%clk 0:32:39]} 41. Rxf7
{[%clk 1:01:58]} Rxa3 {[%clk 0:32:57]} 42. Bc6 {[%clk 1:02:02]} Ra7
{[%clk 0:30:49]} 43. Rxa7 {[%clk 0:59:20]} Bxa7 {[%clk 0:31:13]} 44. Ke2
{[%clk 0:59:40]} Kc7 {[%clk 0:31:03]} 45. Bd5 {[%clk 0:58:16]} Kd7
{[%clk 0:27:27]} 46. Kd3 {[%clk 0:58:20]} Ke7 {[%clk 0:27:33]} 47. g5
{[%clk 0:57:35]} Bf2 {[%clk 0:26:36]} 48. f4 {[%clk 0:57:33]} Kf8
{[%clk 0:26:26]} 49. Ke4 {[%clk 0:57:27]} Kg7 {[%clk 0:26:30]} 50. b5
{[%clk 0:57:06]} Ba7 {[%clk 0:09:15]} 51. Kf3 {[%clk 0:57:20]} Bb6
{[%clk 0:09:19]} 52. Kg4 {[%clk 0:57:41]} Ba7 {[%clk 0:08:58]} 53. h4
{[%clk 0:58:02]} Be3 {[%clk 0:07:29]} 54. Be6 {[%clk 0:56:44]} Kh8
{[%clk 0:07:11]} 55. Kf3 {[%clk 0:56:34]} Bc5 {[%clk 0:07:05]} 56. Bg4
{[%clk 0:56:05]} Kg7 {[%clk 0:03:53]} 57. Bd7 {[%clk 0:54:46]} Kf7
{[%clk 0:03:10]} 58. Kg4 {[%clk 0:54:41]} Ke7 {[%clk 0:03:08]} 59. Bc6
{[%clk 0:54:15]} Ke6 {[%clk 0:03:27]} 60. Be4 {[%clk 0:54:35]} Kf7
{[%clk 0:02:28]} 61. h5 {[%clk 0:53:58]} Kg7 {[%clk 0:01:24]} 62. hxg6
{[%clk 0:53:04]} hxg6 {[%clk 0:01:45]} 63. f5 {[%clk 0:53:27]} gxf5+
{[%clk 0:01:53]} 64. Kxf5 {[%clk 0:53:52]} Kf7 {[%clk 0:01:17]} 65. g6+
{[%clk 0:54:13]} Ke7 {[%clk 0:01:22]} 66. Bd5 {[%clk 0:54:28]} Bd4
{[%clk 0:01:28]} 67. b6 {[%clk 0:54:37]} Kd7 {[%clk 0:01:09]} 68. b7
{[%clk 0:54:54]} Kc7 {[%clk 0:00:56]} 69. Ke6 {[%clk 0:55:18]} 1-0

[Event "Portugal Open 2020"]
[Site "Lisboa POR"]
[Date "2020.02.01"]
[Round "9.35"]
[White "MORAIS, Victor"]
[Black "KRZYWDA, Andrzej"]
[Result "0-1"]
[BlackElo "2178"]
[WhiteElo "1864"]
[LiveChessVersion "1.4.8"]

1. c4 {[%clk 1:30:30]} e6 {[%clk 1:29:07]} 2. Nc3 {[%clk 1:31:21]} d5
{[%clk 1:29:13]} 3. e3 {[%clk 1:31:43]} Nf6 {[%clk 1:29:09]} 4. Nf3
{[%clk 1:32:04]} Be7 {[%clk 1:27:20]} 5. d4 {[%clk 1:32:28]} O-O {[%clk 1:27:35]}
6. Bd3 {[%clk 1:32:50]} b6 {[%clk 1:23:53]} 7. cxd5 {[%clk 1:33:13]} exd5
{[%clk 1:21:31]} 8. O-O {[%clk 1:33:35]} Ba6 {[%clk 1:20:34]} 9. Ne5
{[%clk 1:33:30]} c5 {[%clk 1:09:11]} 10. b3 {[%clk 1:33:51]} Qc7 {[%clk 1:06:02]}
11. Bb2 {[%clk 1:34:09]} Bxd3 {[%clk 1:05:04]} 12. Qxd3 {[%clk 1:34:30]} Nbd7
{[%clk 0:59:26]} 13. f4 {[%clk 1:34:25]} Rad8 {[%clk 0:56:19]} 14. Rac1
{[%clk 1:34:35]} Qb7 {[%clk 0:54:49]} 15. Rc2 {[%clk 1:33:09]} Ne4
{[%clk 0:52:12]} 16. g4 {[%clk 1:32:30]} f6 {[%clk 0:49:24]} 17. Nxd7
{[%clk 1:32:43]} Qxd7 {[%clk 0:44:04]} 18. Nxe4 {[%clk 1:32:51]} dxe4
{[%clk 0:44:28]} 19. Qxe4 {[%clk 1:33:10]} Qxg4+ {[%clk 0:41:08]} 20. Rg2
{[%clk 1:32:01]} Qd7 {[%clk 0:41:25]} 21. Kh1 {[%clk 1:32:22]} Rfe8
{[%clk 0:31:04]} 22. Rfg1 {[%clk 1:32:33]} Bf8 {[%clk 0:29:13]} 23. Qf3
{[%clk 1:32:40]} Qf5 {[%clk 0:25:17]} 24. dxc5 {[%clk 1:32:47]} bxc5
{[%clk 0:22:37]} 25. e4 {[%clk 1:31:57]} Rxe4 {[%clk 0:18:49]} 26. Bxf6
{[%clk 1:32:18]} Rxf4 {[%clk 0:12:09]} 27. Qxf4 {[%clk 1:32:38]} Qxf4
{[%clk 0:12:30]} 28. Bxd8 {[%clk 1:32:57]} Qf3 {[%clk 0:11:40]} 29. Bc7
{[%clk 1:32:12]} h6 {[%clk 0:11:49]} 30. Bg3 {[%clk 1:32:34]} Be7
{[%clk 0:09:20]} 31. h3 {[%clk 1:32:56]} Bf6 {[%clk 0:09:29]} 32. Kh2
{[%clk 1:33:14]} Bd4 {[%clk 0:08:51]} 33. Re1 {[%clk 1:33:34]} a5
{[%clk 0:07:26]} 34. Rge2 {[%clk 1:33:30]} Kh7 {[%clk 0:06:06]} 35. Rc2
{[%clk 1:32:26]} h5 {[%clk 0:04:36]} 36. h4 {[%clk 1:31:21]} Be3 {[%clk 0:04:22]}
37. Rce2 {[%clk 1:31:07]} Bf4 {[%clk 0:04:15]} 38. Bxf4 {[%clk 1:29:39]} Qxf4+
{[%clk 0:04:44]} 39. Kg2 {[%clk 1:29:59]} Qg4+ {[%clk 0:05:05]} 40. Kf2
{[%clk 1:30:21]} Qxh4+ {[%clk 0:05:06]} 41. Ke3 {[%clk 1:30:38]} Qd4+
{[%clk 0:05:35]} 42. Kf3 {[%clk 1:30:50]} g6 {[%clk 0:05:00]} 43. Re7+
{[%clk 1:30:47]} Kh6 {[%clk 0:05:20]} 44. R1e4 {[%clk 1:30:48]} Qd3+
{[%clk 0:05:28]} 45. Kf4 {[%clk 1:30:23]} h4 {[%clk 0:04:48]} 46. Ke5
{[%clk 1:30:41]} g5 {[%clk 0:03:19]} 47. Re6+ {[%clk 1:30:41]} Kh5
{[%clk 0:03:29]} 48. Rc4 {[%clk 1:30:40]} h3 {[%clk 0:03:21]} 49. Re8
{[%clk 1:30:50]} h2 {[%clk 0:02:23]} 0-1

[Event "Portugal Open 2020"]
[Site "Lisboa POR"]
[Date "2020.02.01"]
[Round "9.41"]
[White "FERNANDES, Ricardo Paulos"]
[Black "FANHA, Paulo"]
[Result "1-0"]
[BlackElo "1766"]
[WhiteElo "2100"]
[LiveChessVersion "1.4.8"]

1. Nf3 {[%clk 1:21:39]} d5 {[%clk 1:30:55]} 2. g3 {[%clk 1:22:04]} e6
{[%clk 1:31:18]} 3. Bg2 {[%clk 1:22:30]} f5 {[%clk 1:31:40]} 4. d3
{[%clk 1:22:45]} c6 {[%clk 1:32:03]} 5. O-O {[%clk 1:22:48]} Nf6 {[%clk 1:32:28]}
6. Nbd2 {[%clk 1:21:50]} Bd6 {[%clk 1:32:20]} 7. Re1 {[%clk 1:15:43]} O-O
{[%clk 1:31:54]} 8. c4 {[%clk 1:12:01]} e5 {[%clk 1:26:28]} 9. e4
{[%clk 1:05:29]} fxe4 {[%clk 1:26:15]} 10. dxe4 {[%clk 1:05:50]} d4
{[%clk 1:25:45]} 11. Rf1 {[%clk 0:56:12]} Qe8 {[%clk 1:20:26]} 12. Ne1
{[%clk 0:55:07]} c5 {[%clk 1:19:58]} 13. Nd3 {[%clk 0:55:30]} Nc6
{[%clk 1:20:06]} 14. a3 {[%clk 0:55:43]} Bg4 {[%clk 1:18:29]} 15. f3
{[%clk 0:54:07]} Be6 {[%clk 1:18:36]} 16. b3 {[%clk 0:39:40]} Qd7
{[%clk 1:16:46]} 17. f4 {[%clk 0:38:23]} Bh3 {[%clk 1:16:17]} 18. f5
{[%clk 0:38:24]} Bxg2 {[%clk 1:16:34]} 19. Kxg2 {[%clk 0:38:50]} b6
{[%clk 1:13:42]} 20. Qe2 {[%clk 0:36:59]} Kf7 {[%clk 1:10:15]} 21. g4
{[%clk 0:32:19]} h6 {[%clk 1:10:13]} 22. Nf3 {[%clk 0:25:54]} Nxg4
{[%clk 1:06:47]} 23. Ng5+ {[%clk 0:26:21]} hxg5 {[%clk 1:06:52]} 24. Qxg4
{[%clk 0:26:49]} Be7 {[%clk 1:04:33]} 25. Qh5+ {[%clk 0:26:07]} Kg8
{[%clk 1:04:50]} 26. Rf3 {[%clk 0:24:39]} Qe8 {[%clk 1:04:58]} 27. Qg4
{[%clk 0:23:38]} a5 {[%clk 1:03:09]} 28. Rg3 {[%clk 0:18:33]} Qf7
{[%clk 0:55:17]} 29. a4 {[%clk 0:09:38]} Rad8 {[%clk 0:48:30]} 30. Bxg5
{[%clk 0:07:31]} Bxg5 {[%clk 0:47:52]} 31. Qxg5 {[%clk 0:07:36]} Rd6
{[%clk 0:46:49]} 32. Rg1 {[%clk 0:07:42]} Qf6 {[%clk 0:45:45]} 33. Kf3
{[%clk 0:04:41]} Qxg5 {[%clk 0:45:03]} 34. Rxg5 {[%clk 0:05:06]} Rf7
{[%clk 0:45:03]} 35. h4 {[%clk 0:05:00]} Kf8 {[%clk 0:45:12]} 36. h5
{[%clk 0:05:21]} Rh6 {[%clk 0:42:44]} 37. Kg4 {[%clk 0:01:57]} Rd6
{[%clk 0:41:44]} 38. Kh4 {[%clk 0:02:16]} Rdf6 {[%clk 0:40:43]} 39. Rg6
{[%clk 0:01:42]} Re7 {[%clk 0:25:18]} 40. h6 {[%clk 0:01:43]} Rxg6
{[%clk 0:24:20]} 41. Rxg6 {[%clk 0:02:08]} gxh6 {[%clk 0:23:43]} 42. Rxc6
{[%clk 0:02:33]} 1-0